|
|
|
|
| LEADER |
01903nam a2200421 i 4500 |
| 001 |
EBC4981629 |
| 003 |
MiAaPQ |
| 005 |
20200520144314.0 |
| 006 |
m o d | |
| 007 |
cr cnu|||||||| |
| 008 |
171201t20182018enka ob 001 0 eng d |
| 020 |
|
|
|z 9781787148420
|
| 020 |
|
|
|a 9781787148413 (e-book)
|
| 035 |
|
|
|a (MiAaPQ)EBC4981629
|
| 035 |
|
|
|a (Au-PeEL)EBL4981629
|
| 035 |
|
|
|a (CaPaEBR)ebr11464982
|
| 035 |
|
|
|a (OCoLC)1012346745
|
| 040 |
|
|
|a MiAaPQ
|b eng
|e rda
|e pn
|c MiAaPQ
|d MiAaPQ
|
| 050 |
|
4 |
|a HF5635
|b .G373 2018
|
| 082 |
0 |
|
|a 657
|2 23
|
| 100 |
1 |
|
|a Garcia, Nohora,
|e author.
|
| 245 |
1 |
0 |
|a Understanding Mattessich and Ijiri :
|b a study of accounting thought /
|c by Nohora Garcia.
|
| 264 |
|
1 |
|a Bingley, England :
|b Emerald Publishing Limited,
|c 2018.
|
| 264 |
|
4 |
|c 2018
|
| 300 |
|
|
|a 1 online resource (265 pages) :
|b illustrations.
|
| 336 |
|
|
|a text
|2 rdacontent
|
| 337 |
|
|
|a computer
|2 rdamedia
|
| 338 |
|
|
|a online resource
|2 rdacarrier
|
| 490 |
1 |
|
|a Studies in the Development of Accounting Thought ;
|v Volume 21
|
| 504 |
|
|
|a Includes bibliographical references and index.
|
| 588 |
|
|
|a Description based on online resource; title from PDF title page (EBC, viewed December 1, 2017).
|
| 590 |
|
|
|a Electronic reproduction. Ann Arbor, MI : ProQuest, 2016. Available via World Wide Web. Access may be limited to ProQuest affiliated libraries.
|
| 650 |
|
0 |
|a Accounting.
|
| 655 |
|
4 |
|a Electronic books.
|
| 776 |
0 |
8 |
|i Print version:
|a Garcia, Nohora.
|t Understanding Mattessich and Ijiri : a study of accounting thought.
|d Bingley, England : Emerald Publishing Limited, c2018
|h xx, 265 pages
|k Studies in the development of accounting thought ; Volume 21.
|z 9781787148420
|
| 797 |
2 |
|
|a ProQuest (Firm)
|
| 830 |
|
0 |
|a Studies in the development of accounting thought ;
|v Volume 21.
|
| 856 |
4 |
0 |
|u https://ebookcentral.proquest.com/lib/matrademy/detail.action?docID=4981629
|z Click to View
|